LEADER 03526oas 2201345 a 450 001 9910143348403321 005 20260127110530.0 011 $a1365-2990 035 $a(DE-599)ZDB2008293-9 035 $a(OCoLC)45219601 035 $a(CONSER) 00242279 035 $a(CKB)954925513475 035 $a(DE-599)2008293-9 035 $a(EXLCZ)99954925513475 100 $a20001024a19759999 sy 101 0 $aeng 135 $aurun||||||||| 181 $ctxt$2rdacontent 182 $cc$2rdamedia 183 $acr$2rdacarrier 200 10$aNeuropathology and applied neurobiology 210 $a[Oxford, England] $cBlackwell Science 215 $a1 online resource 300 $aRefereed/Peer-reviewed 300 $aJournal of the British Neuropathological Society. 311 08$a0305-1846 531 1 $aNeuropathol. appl. neurobiol. 606 $aNervous system$xDiseases$xPathology$vPeriodicals 606 $aNervous system$xDiseases$vPeriodicals 606 $aNervous System$xpathology 606 $aNeurology 606 $aSyste?me nerveux$xMaladies$vPe?riodiques 606 $aNeurologie$vPe?riodiques 606 $aNervous system$xDiseases$2fast$3(OCoLC)fst01036098 606 $aNeuropathologie$2gtt 606 $aNeurope?dagogie$2rasuqam 606 $aSyste?me nerveux$2rasuqam 606 $aMaladie neurologique$2rasuqam 606 $aMuscle$2rasuqam 606 $aNeurologia$2thub 606 $aNeurobiologia$2thub 606 $aMalalties del sistema nerviós$2thub 608 $aPeriodical. 608 $aPeriodicals.$2fast 608 $aPeriodicals.$2lcgft 608 $aRessource Internet (Descripteur de forme)$2rasuqam 608 $aPe?riodique e?lectronique (Descripteur de forme)$2rasuqam 608 $aRevistes electròniques.$2thub 615 0$aNervous system$xDiseases$xPathology 615 0$aNervous system$xDiseases 615 2$aNervous System$xpathology. 615 2$aNeurology 615 6$aSyste?me nerveux$xMaladies 615 6$aNeurologie 615 7$aNervous system$xDiseases. 615 17$aNeuropathologie. 615 7$aNeurope?dagogie. 615 7$aSyste?me nerveux. 615 7$aMaladie neurologique. 615 7$aMuscle. 615 7$aNeurologia. 615 7$aNeurobiologia. 615 7$aMalalties del sistema nerviós. 676 $a612.8 712 02$aBritish Neuropathological Society, 801 0$bMYG 801 1$bMYG 801 2$bOCLCQ 801 2$bSBH 801 2$bOCLCQ 801 2$bUQ1 801 2$bSERSO 801 2$bOCLCQ 801 2$bOCLCO 801 2$bOCLCQ 801 2$bNLGGC 801 2$bOCLCO 801 2$bOCLCQ 801 2$bOCLCO 801 2$bOCLCQ 801 2$bZ5A 801 2$bOCLCO 801 2$bNLE 801 2$bOCLCA 801 2$bBUF 801 2$bOCLCQ 801 2$bOCLCF 801 2$bU3W 801 2$bOCLCA 801 2$bWYU 801 2$bUKMGB 801 2$bAUD 801 2$bVT2 801 2$bOCLCQ 801 2$bLEAUB 801 2$bOCLCO 801 2$bOCLCE 801 2$bUAB 801 2$bWT2 801 2$bTOF 801 2$bJ9U 801 2$bOCLCA 801 2$bOCLCQ 801 2$bOCLCO 801 2$bSFB 801 2$bOCLCQ 801 2$bUBY 801 2$bQGK 801 2$bUEJ 801 2$bOCLCL 801 2$bOCLCQ 906 $aJOURNAL 912 $a9910143348403321 996 $aNeuropathology and applied neurobiology$92227292 997 $aUNINA